<?xml version="1.0" encoding="UTF-8"?>
<record
    xmlns:xsi="http://www.w3.org/2001/XMLSchema-instance"
    xsi:schemaLocation="http://www.loc.gov/MARC21/slim http://www.loc.gov/standards/marcxml/schema/MARC21slim.xsd"
    xmlns="http://www.loc.gov/MARC21/slim">

  <leader>00835naa a22002177i 4500</leader>
  <controlfield tag="001">232411</controlfield>
  <controlfield tag="003">ES-MaBCM</controlfield>
  <controlfield tag="005">20260219162629.0</controlfield>
  <controlfield tag="008">260219s2023    sp ||||| |||| 00| 0 spa d</controlfield>
  <datafield tag="040" ind1=" " ind2=" ">
    <subfield code="c">ES-MaBCM</subfield>
  </datafield>
  <datafield tag="100" ind1="1" ind2=" ">
    <subfield code="a">Maculan, Elena</subfield>
    <subfield code="9">121533</subfield>
  </datafield>
  <datafield tag="245" ind1="1" ind2="0">
    <subfield code="a">Castigar sin crueldad los cr&#xED;menes crueles :</subfield>
    <subfield code="b">la evoluci&#xF3;n de las penas en derecho penal internacional</subfield>
    <subfield code="c">Elena Macul&#xE1;n</subfield>
  </datafield>
  <datafield tag="500" ind1=" " ind2=" ">
    <subfield code="a">Contiene tabla</subfield>
  </datafield>
  <datafield tag="504" ind1=" " ind2=" ">
    <subfield code="a">Incluye referencias bibliogr&#xE1;ficas</subfield>
  </datafield>
  <datafield tag="610" ind1="2" ind2="7">
    <subfield code="a">Tribunal Penal Internacional</subfield>
    <subfield code="9">52882</subfield>
  </datafield>
  <datafield tag="650" ind1=" " ind2="7">
    <subfield code="a">Sanci&#xF3;n penal</subfield>
    <subfield code="9">60174</subfield>
  </datafield>
  <datafield tag="650" ind1=" " ind2="7">
    <subfield code="a">Crimen contra la humanidad</subfield>
    <subfield code="9">58187</subfield>
  </datafield>
  <datafield tag="650" ind1=" " ind2="7">
    <subfield code="a">Derecho penal internacional</subfield>
    <subfield code="9">58347</subfield>
  </datafield>
  <datafield tag="773" ind1="0" ind2=" ">
    <subfield code="d">Valencia : Tirant lo Blanch , 2023</subfield>
    <subfield code="g">p. [87]-109 - Loc. 62618</subfield>
    <subfield code="t">La crueldad en las constituciones y en los convenios internacionales</subfield>
    <subfield code="w">225307</subfield>
  </datafield>
  <datafield tag="942" ind1=" " ind2=" ">
    <subfield code="2">udc</subfield>
    <subfield code="c">AMON</subfield>
  </datafield>
  <datafield tag="999" ind1=" " ind2=" ">
    <subfield code="c">232411</subfield>
    <subfield code="d">232411</subfield>
  </datafield>
  <datafield tag="952" ind1=" " ind2=" ">
    <subfield code="0">0</subfield>
    <subfield code="1">0</subfield>
    <subfield code="2">udc</subfield>
    <subfield code="4">0</subfield>
    <subfield code="7">0</subfield>
    <subfield code="a">BC</subfield>
    <subfield code="b">BC</subfield>
    <subfield code="c">SALA</subfield>
    <subfield code="d">2026-02-19</subfield>
    <subfield code="l">0</subfield>
    <subfield code="r">2026-02-19 16:26:39</subfield>
    <subfield code="w">2026-02-19</subfield>
    <subfield code="y">AMON</subfield>
  </datafield>
</record>
